NBA Teams’ Original Franchise Names - Statistics

General Stats
  • This quiz has been taken 11 times
  • The average score is 4 of 10
Answer Stats
Modern team name Original name % Correct
Sacramento Kings Rochester Royals
90%
Oklahoma City Thunder Seattle SuperSonics
80%
Philadelphia 76ers Syracuse Nationals
80%
New Orleans Pelicans New Orleans Hornets
50%
Los Angeles Clippers Buffalo Braves
40%
Denver Nuggets Denver Rockets
30%
Brooklyn Nets New Jersey Americans
20%
Washington Wizards Chicago Packers
10%
San Antonio Spurs Dallas Chaparrals
10%
Atlanta Hawks Tri-Cities Blackhawks
10%
No matching quizzes found
Score Distribution
Percent of People with Each Score
Percentile by Number Answered
Your Score History
You have not taken this quiz